Construction equipment and its planning and application (Record no. 19426)

000 -LEADER
fixed length control field 00472nam a22001817a 4500
001 - CONTROL NUMBER
control field 19426
003 - CONTROL NUMBER IDENTIFIER
control field BD-DhUET
008 - FIXED-LENGTH DATA ELEMENTS--GENERAL INFORMATION
fixed length control field 150405b xxu||||| |||| 00| 0 eng d
040 ## - CATALOGING SOURCE
Transcribing agency 0
Modifying agency BD-DhUET
082 ## - DEWEY DECIMAL CLASSIFICATION NUMBER
Classification number 624.154
Item number VAR/1975
100 ## - MAIN ENTRY--PERSONAL NAME
Personal name Varma, Mahesh
245 ## - TITLE STATEMENT
Title Construction equipment and its planning and application
250 ## - EDITION STATEMENT
Edition statement 2nd ed.
260 ## - PUBLICATION, DISTRIBUTION, ETC. (IMPRINT)
Place of publication, distribution, etc. Delhi
Name of publisher, distributor, etc. Metropolitan book
Date of publication, distribution, etc. 1975
300 ## - PHYSICAL DESCRIPTION
Extent 539 p.
Other physical details ill.
650 #0 - SUBJECT ADDED ENTRY--TOPICAL TERM
Topical term or geographic name as entry element Construction equipment
942 ## - ADDED ENTRY ELEMENTS (KOHA)
Koha item type General Book
Holdings
Price effective from Shelving location Copy number Koha full call number Koha normalized classification for sorting Koha item type Not for loan Sublocation or collection (holding branch) Lost status Withdrawn status Piece designation (barcode) Date acquired Damaged status Koha date last seen Source of classification or shelving scheme Location (home branch)
2015-04-05Circulation section1624.154/VAR/1975624_154000000000000_VAR_1975General Book Central Library, BUET  385262015-04-05 2015-04-05 Central Library, BUET
2015-04-05Circulation section2624.154/VAR/1975624_154000000000000_VAR_1975General Book Central Library, BUET  420122015-04-05 2015-04-05 Central Library, BUET
2015-04-07Circulation section3624.154/VAR/1975624_154000000000000_VAR_1975General Book Central Library, BUET  385252015-04-07 2015-04-07 Central Library, BUET
2015-05-16Circulation section4624/VAR/1975624_000000000000000_VAR_1975General Book Central Library, BUET  384482015-05-16 2015-05-16 Central Library, BUET